00732nam a2200229Ia 450000500170000000800410001702000180005804000180007604100080009408200230010210000200012524501090014525000120025426000440026630000260031065000430033665000340037965000390041370000180045270000180047070000140048820221123120244.0210716s2014 xx 000 0 und d a9789332523876 cAIMIT LIBRARY aeng a621.3821 22bSCHR aSchwarz, Ronan. aAndroid developers cookbook: bbuilding applications with the android sdk /cBy Ronan Schwarz...[et.al]. a2nd ed. aNew Delhi :bPearson Education ,c2014. axxiii,436p. ;c23 cm. aThreads services receivers and alerts  aAdvanced threading techniques aAdvanced user interface techniques aDutson, Phil. aSteele, James aTo Nelson